| 000 | 01074nam a2200181 a 4500 | ||
|---|---|---|---|
| 008 | 120416s1981 ||||||||||||||||| || u | ||
| 020 | _a0852992254 | ||
| 050 | _aHF 5668.25 Cha | ||
| 245 | 1 | 3 | _aAn approach to the measurement of the performance of internal audit |
| 246 | _aThe Chartered Institute of Public Finance and Accountancy | ||
| 260 |
_aLondon _bCIPFA _c1981 |
||
| 300 | _aviii, 40p. : ill | ||
| 350 | _a0.00 | ||
| 995 |
_aMAIN LIBRARY OPEN ACCESS _D0.00 _e710615 _FCBU-MAIN LIBRARY (Kitwe) _H1 _I4.00 _jHF 5668.25 Cha _M3 _UAVAILABLE _y006856 _ZMain Library Open Access Collection |
||
| 995 |
_aMAIN LIBRARY OPEN ACCESS _D0.00 _e710614 _FCBU-MAIN LIBRARY (Kitwe) _H3 _I4.00 _jHF 5668.25 Cha _M1 _UAVAILABLE _y006854 _ZMain Library Open Access Collection |
||
| 995 |
_aMAIN LIBRARY OPEN ACCESS _D0.00 _e710612 _FCBU-MAIN LIBRARY (Kitwe) _H4 _I4.00 _jHF 5668.25 Cha _M2 _UAVAILABLE _y006855 _ZMain Library Open Access Collection |
||
| 995 |
_aMAIN LIBRARY OPEN ACCESS _D0.00 _e710613 _FCBU-MAIN LIBRARY (Kitwe) _H2 _I4.00 _jHF 5668.25 Cha _M4 _UAVAILABLE _y006857 _ZMain Library Open Access Collection |
||
| 999 |
_c84308 _d84308 |
||